000 02197nam a2200277Ia 4500
001 F4953
003 IT-RoPAU
008 130308s9999 xx 000 0 und d
040 _aIT-RoPAU
040 _cIT-RoPAU
041 _aITALIANO
100 _aAlberione Giacomo
100 _gCodice Aut. SPICS: 10028
245 _aMeditazioni del Primo Maestro alle suore Figlie di San Paolo (Alba 1937)
245 _bMeditazioni del Primo maestro Alle Suore Figlie di San Paolo (Alba 1937)
250 _a1a ed.
260 _bs.e. (senza Editrice o non identificata)
260 _c1937 [1° Ed.:1937 - Ed.Ling.Originale:1937]
300 _a"134 p. (prefazione: no ; testo: 134 [pagine: 0-0])"
500 _aFiglie di San Paolo Alba 1937: fiducia in Gesu' (01.01.37), utilizzare Tempo e dolore per I Peccati Commessi (Gennaio 1937), dovere della Riconoscenza Verso Dio (Gennaio 1937), Morte (Gennaio 1937), Amore e Misericordia di Dio Verso di Noi (Febbraio 1937), Fifliol prodigo (Febbraio 1937), mezzi Percrescere nell'Amore di Dio (Febbraio 1937), Prima Parola di Gesu' in croce (Febbraio 1937), centenario della conversioneDi San Paolo (1937), Carissimi in San Paolo (1937), seconda Parola di Gesu' in croce (1937), Terza Parola di Gesu' in croce (1937), Santi Angeli Custodi (1937), Cattedra di San Pietro (1937), compagnia del Transito di San Giuseppe (1937), Quarta Parola di Gesu' in croce (1937), Quinta Parola di Gesu' in croce : tutto è Compiuto (1937), sesta Parola di Gesu' in croce : Dio mio Dio mio Perche' Mi Hai Abbandonato? (1937), settima Parola di Gesu' in croce : padre nelle Tue mani Raccomando Il mio Spirito (1937), San Giuseppe Modello di Obbedienza (1937),Come Onorare Maria Ss. nel Mese di maggio (Maggio 1937), la Santissima Vergine (1937), Maternità di Maria (1937), Devozione a Maria Santissima (1937), Come santificare le Ricreazioni (Giugno 1937), Domenica X di Pentecoste (Luglio 1937), Abito delle Figlie di S. Paolo (Agosto 1937), Ubbidienza di Maria (07.08.37), Preghiera (20.08.37), Carità Spirituale (Novembre 1937).
650 _aSCRITTI DI GIACOMO ALBERIONE
650 _eCodice materia Spics: 9901
942 _cBK
957 _71
999 _c95620
_d95620
999 _g1